[Event "Trofeul Centrocoop(A)"]
[Site "?"]
[Date "2000.??.??"]
[Round "?"]
[White "Stancu, Ovidiu-Grigore"]
[Black "Telea, Stefan"]
[Result "0-1"]
[WhiteElo "1800"]
[BlackElo "2140"]
[PlyCount "86"]
[EventDate "2000.??.??"]
[Source "b/signature.htm"]
[SourceDate "3188127.01.02"]

1. e4 g6 2. f4 Bg7 3. Nf3 d6 4. Bc4 Nf6 5. d3 c6 6. c3 d5 7. exd5 cxd5 8. Bb3
Nc6 9. d4 O-O 10. Be3 Na5 11. Nbd2 b5 12. Qe2 Nc4 13. Nxc4 bxc4 14. Bc2 Rb8 15.
Rb1 Qa5 16. a3 Rxb2 17. O-O Qxc3 18. Rxb2 Qxb2 19. Bc1 Qc3 20. Bb1 Bg4 21. Bb2
Qb3 22. Qd2 Rb8 23. Bc3 Bxf3 24. gxf3 Qxa3 25. Bc2 Qd6 26. f5 Nh5 27. Qe3 Rb7
28. Re1 Qf4 29. Qxf4 Nxf4 30. fxg6 hxg6 31. Ba4 e6 32. Kf1 Bf8 33. Bc2 Bd6 34.
Ra1 Kg7 35. Kf2 Nh5 36. Kg2 Bb4 37. Rb1 a5 38. Kf1 Rb8 39. h3 Kf8 40. Kf2 Ke7
41. Ke3 Kd6 42. Ba1 Kc7 43. Ba4 Bd2+ 0-1